Manažment rizika a jeho trendy vo vybranej oblasti ekonomiky bakalárska práca

Uložené v:
Podrobná bibliografia
Hlavný autor: Hudáková, Patrícia
Korporativný autor: Obchodná fakulta EU. Katedra medzinárodného obchodu
Ďalší autori: Hansenová, Heda
Médium: Kniha
Jazyk:Slovak
Vydavateľské údaje: Bratislava 2017
Tagy: Pridať tag
Žiadne tagy, Buďte prvý, kto otaguje tento záznam!

MARC

LEADER 00000nbm a2200000 4500
001 0232769
005 20170818095540.5
041 0 |a slo 
044 |a SK 
245 1 0 |a Manažment rizika a jeho trendy vo vybranej oblasti ekonomiky  |b bakalárska práca  |c Patrícia Hudáková ; školiteľ: Heda Hansenová 
264 1 |a Bratislava  |c 2017 
300 |a 49 s. 
100 1 |a Hudáková, Patrícia 
700 1 |a Hansenová, Heda 
710 2 |a Obchodná fakulta EU. Katedra medzinárodného obchodu